| 000 | 00662nam a22001697a 4500 | ||
|---|---|---|---|
| 999 |
_c14987 _d14987 |
||
| 008 | 200204b ||||| |||| 00| 0 eng d | ||
| 082 |
_22013 _aUT 1423 _bB64 |
||
| 100 |
_aBoroy, Mary Josette C. _941597 |
||
| 245 |
_aLearner's Language Strategies and their Academic Performance in Spanish Subject/ _cMary Josette C. Boroy, Marilou S. Lubalan & Shalyn B. Milloren |
||
| 260 |
_aDigos City _bUMDC _cOctober 2013 |
||
| 300 |
_a56 pages _c30 cm |
||
| 650 |
_aSecondary Education _vEnglish _xUndergraduate Thesis _941598 |
||
| 700 |
_aBoroy, Mary Josette C. _941599 |
||
| 700 |
_aLubalan, Marilou S. _941600 |
||
| 700 |
_aMilloren, Shalyn B. _941601 |
||
| 942 |
_2ddc _cUT |
||